| 000 | 00556nam a2200193 a 4500 | ||
|---|---|---|---|
| 005 | 20140310183453.0 | ||
| 008 | 090807s19uu xx 00 eng d | ||
| 020 | _a0071463321 | ||
| 050 |
_aHD 31 _b.St6928 2006 |
||
| 100 | _aStettner, Morey | ||
| 245 |
_aThe new manager's handbook : _b24 lessons for mastering your new role / _cMorey Stettner |
||
| 260 |
_aNew York : _bMcGraw-Hill, _c2006. |
||
| 300 |
_a108 p. : _c20 cm. |
||
| 521 | _aBSBA | ||
| 650 | _aManagement. | ||
| 650 | _aPersonnel management. | ||
| 942 |
_cBK _2lcc _kFOR |
||
| 999 |
_c23523 _d23523 |
||